000 00388nam a2200169Ia 4500
003 0STCL
008 150530s9999 xx 000 0 und d
040 _aSTCL
_cSTCL
100 _aManhar Chauchan
245 _aYudh Ki Terah Shreshtha Kahaniyam
260 _bUmesh Prakashan
_c1981
300 _a0
546 _aHindi
942 _2ddc
_cBK
999 _c64636
_d64636
005 20220125171250.0